000 01434nam a2200325 i 4500
001 69712
003 Mx-PuUPA
005 20220822130003.0
008 220613s2019 ag a|||gr|||| 00| 0 spa d
020 _a9781645218012
040 _aMx-PuUPA
_bspa
_cMx-PuUPA
_dMx-PuUPA
_erda
041 0 _aspa
100 1 _aValera, Juan A.
_eautor
245 1 0 _aTécnicas para la formación del actor y actriz de cine, teatro y tv :
_bdescubre los primeros pasos para triunfar con la actuación /
_cJuan A. Valera
246 1 0 _aManual práctico de actuación para principiantes :
_btécnicas para la formación del actor y actriz de cine, teatro y tv, descubre los primeros pasos para triunfar con la actuación.
264 1 _aCórdoba, Argentina :
_bEditorial Imagen,
_c©2019
300 _aviii, 202 páginas :
_bilustraciones, tablas ;
_c23 cm
336 _2rdacontent
_atexto
_btxt
337 _2rdamedia
_asin medio
_bn
338 _2rdacarrier
_avolumen
_bnc
490 0 _aManual práctico de actuación para principiantes
650 7 _2armarc
_aActuación teatral
_vEnseñanza
650 7 _2armarc
_aActuación cinematrográfica
_vTécnicas
650 7 _2armarc
_aActuación televisiva
_vTécnicas
650 7 _2armarc
_aActuación de método
942 _2ddc
_cLI
_h792.028092
_iV135
999 _c69712
_d69712